LIBRARY & INFORMATION CENTRE, KCAET, TAVANUR

ONLINE PUBLIC ACCESS CATALOGUE (OPAC)

Man,money and goods (Record no. 10031)

MARC details
000 -LEADER
fixed length control field 00356cam a2200157ua 4500
041 ## - LANGUAGE CODE
Language code of text/sound track or separate title eng
082 ## - DEWEY DECIMAL CLASSIFICATION NUMBER
Classification number 332.4
Item number GAM/MA
100 ## - MAIN ENTRY--AUTHOR NAME
Personal name Gambs, Johns S.
245 ## - TITLE STATEMENT
Title Man,money and goods
250 ## - EDITION STATEMENT
Edition statement 1 /
260 ## - PUBLICATION, DISTRIBUTION, ETC. (IMPRINT)
Place of publication New York :
Name of publisher Columbia University press ,
Year of publication 1952.
300 ## - PHYSICAL DESCRIPTION
Number of Pages 339 ; .
942 ## - ADDED ENTRY ELEMENTS (KOHA)
Koha item type Books
Holdings
Withdrawn status Lost status Damaged status Home library Current library Date acquired Full call number Accession Number Koha item type
Withdrawn     KAUAET Sanskrit University 07/04/2012 332.4 668 Books
free website counter